<?xml version="1.0" encoding="UTF-8"?>
<record
    xmlns:xsi="http://www.w3.org/2001/XMLSchema-instance"
    xsi:schemaLocation="http://www.loc.gov/MARC21/slim http://www.loc.gov/standards/marcxml/schema/MARC21slim.xsd"
    xmlns="http://www.loc.gov/MARC21/slim">

  <leader>06013nam a2200433Ii 4500</leader>
  <controlfield tag="001">DIGDOCUN0016</controlfield>
  <controlfield tag="003">NyNyDIG</controlfield>
  <controlfield tag="008">141201s2012    sp      ob    000 0 spa d</controlfield>
  <controlfield tag="006">m     o  d        </controlfield>
  <controlfield tag="007">cr |||||||||||</controlfield>
  <datafield tag="035" ind1=" " ind2=" ">
    <subfield code="a">(OCoLC)992041788</subfield>
  </datafield>
  <datafield tag="040" ind1=" " ind2=" ">
    <subfield code="a">DGITA</subfield>
    <subfield code="b">eng</subfield>
    <subfield code="e">rda</subfield>
    <subfield code="e">pn</subfield>
    <subfield code="c">DIGITA</subfield>
  </datafield>
  <datafield tag="020" ind1=" " ind2=" ">
    <subfield code="a">9788499840802</subfield>
    <subfield code="q">(eBook)</subfield>
  </datafield>
  <datafield tag="020" ind1=" " ind2=" ">
    <subfield code="z">9788499841489</subfield>
  </datafield>
  <datafield tag="020" ind1=" " ind2=" ">
    <subfield code="z">8499841481</subfield>
  </datafield>
  <datafield tag="050" ind1="1" ind2="4">
    <subfield code="a">RT41 eBook</subfield>
  </datafield>
  <datafield tag="245" ind1="0" ind2="0">
    <subfield code="a">Manual de enfermer&#xED;a intensiva /</subfield>
    <subfield code="c">Concepci&#xF3; Fuentes Pumarola, Alfons Bonet Saris, Josep-Maria Sirvent, Neus Brugada Motj&#xE9; (coord.).</subfield>
  </datafield>
  <datafield tag="264" ind1=" " ind2="1">
    <subfield code="a">Girona :</subfield>
    <subfield code="b">Documenta Universitaria,</subfield>
    <subfield code="c">2012.</subfield>
  </datafield>
  <datafield tag="300" ind1=" " ind2=" ">
    <subfield code="a">1 online resource (532 pages) :</subfield>
    <subfield code="b">illustrations.</subfield>
  </datafield>
  <datafield tag="336" ind1=" " ind2=" ">
    <subfield code="a">text</subfield>
    <subfield code="b">txt</subfield>
    <subfield code="2">rdacontent</subfield>
  </datafield>
  <datafield tag="337" ind1=" " ind2=" ">
    <subfield code="a">computer</subfield>
    <subfield code="b">c</subfield>
    <subfield code="2">rdamedia</subfield>
  </datafield>
  <datafield tag="338" ind1=" " ind2=" ">
    <subfield code="a">online resource</subfield>
    <subfield code="b">cr</subfield>
    <subfield code="2">rdacarrier</subfield>
  </datafield>
  <datafield tag="505" ind1="0" ind2=" ">
    <subfield code="a">Sistemas de informatizaci&#xF3;n cl&#xED;nica / Juan Jos&#xE9; Rubio Vela -- Inserci&#xF3;n de cat&#xE9;teres para la monitorizaci&#xF3;n hemodin&#xE1;mica / S&#xF2;nia Puig Codina. Maria Colomer Plana -- Monitorizaci&#xF3;n hemodin&#xE1;mica / Maria Colomer Plana. S&#xF2;nia Puig Codina -- El enfermo respiratorio cr&#xED;tico / Marina Petckova. Josep Armengol -- Ventilaci&#xF3;n mec&#xE1;nica invasiva / Carles Calaf. Emma Comas -- Ventilaci&#xF3;n mec&#xE1;nica, t&#xE9;cnicas relacionadas / Roser Casademont Mercader -- Ventilaci&#xF3;n mec&#xE1;nica no invasiva / Emma Comas. Carles Calaf -- Cuidados de enfermer&#xED;a en el paciente respiratorio cr&#xED;tico / Merc&#xE8; Vila Reyner -- Alimentaci&#xF3;n y nutrici&#xF3;n del paciente cr&#xED;tico / Alfons Bonet Saris. Carolina Lorencio C&#xE1;rdenas -- Nutrici&#xF3;n parenteral en el enfermo cr&#xED;tico / Alfons Bonet Sar&#xED;s. Rosa de la Cueva Parera. Carolina Lorencio C&#xE1;rdenas -- Nutrici&#xF3;n enteral en el enfermo cr&#xED;tico / Alfons Bonet Saris. Rosa de la Cueva Parera. Carolina Lorencio C&#xE1;rdenas -- Control gluc&#xE9;mico / Carolina Lorencio C&#xE1;rdenas. Alfons Bonet Sar&#xED;s -- Accesos para nutrici&#xF3;n en el paciente cr&#xED;tico / Emilia Felip. Cristina Casanova. Llu&#xEF;sa Bordej&#xE9; -- Infecciones hospitalarias en el paciente cr&#xED;tico / Josep Maria Sirvent. Nuria Bisbe Company. &#xC0;ngels Galvan y Ferrer. Concepci&#xF3; Fuentes Pumarola -- Prevenci&#xF3;n de las infecciones hospitalarias en el paciente cr&#xED;tico / Concepci&#xF3; Fuentes Pumarola. M. &#xC0;ngels Galvan y Ferrer. N&#xFA;ria Bisbe Company. Josep Maria Sirvent -- Principales patolog&#xED;as atendidas en la Unidad Coronaria / Pablo Loma-Osorio Ric&#xF3;n. Francisco Campelo Parada -- Cuidados generales del paciente cardiol&#xF3;gico cr&#xED;tico y medicaci&#xF3;n habitual en la Unidad Coronaria / Margarita Oliveras Juli&#xE0; -- Reconocimiento de arritmias / Margarita Oliveras Juli&#xE0; -- T&#xE9;cnicas espec&#xED;ficas en el paciente cr&#xED;tico cardiol&#xF3;gico -- Soporte vital avanzado / Josep Olivet Pujol. Vicen&#xE7; Carreras Frau -- Fisiopatolog&#xED;a y tratamiento del shock / Nerea L&#xF3;pez de Arbina. Antoni &#xC1;lvarez Villuendas -- Sepsis y shock s&#xE9;ptico / Nerea L&#xF3;pez de Arbina -- Control, vigilancia y cuidados de enfermer&#xED;a al enfermo en estado de shock / S&#xF2;nia Puig Codina. Concepci&#xF3; Fuentes Pumarola -- Administraci&#xF3;n correcta de las drogas vasoactivas / Concepci&#xF3; Fuentes Pumarola. S&#xF2;nia Puig Codina -- Cirug&#xED;a digestiva / Jordi Giron&#xE8;s Vil&#xE0; -- Actuaci&#xF3;n de enfermer&#xED;a en el ingreso del paciente quir&#xFA;rgico digestivo / Dolors Garangou Llenas -- Cirug&#xED;a tor&#xE1;cica / Xavier Bald&#xF3; Dolors Garangou Llenas -- Posoperatorio de cirug&#xED;a card&#xED;aca / Remedios R&#xED;os Barrera -- Actuaci&#xF3;n de enfermer&#xED;a en el ingreso del paciente de cirug&#xED;a card&#xED;aca / Montse Sala Mart&#xED;. M&#xF3;nica S&#xE1;nchez Sevillano -- El enfermo trasplantado / Teodor Casanovas Lorenzo. An&#xED;bal Fern&#xE1;ndez Agudo -- Paciente politraumatizado / Ana Mar&#xED;a B&#xE9;jar Delgado. Josep Mu&#xF1;oz Vives -- </subfield>
  </datafield>
  <datafield tag="505" ind1="0" ind2=" ">
    <subfield code="a">Cuidados de enfermer&#xED;a en el paciente politraumatizado / Manuela Rodr&#xED;guez Fern&#xE1;ndez Marta F&#xE9;lez Vidal -- El enfermo neurol&#xF3;gico cr&#xED;tico / Yolanda Silva Blas -- Cuidados de enfermer&#xED;a en el paciente neurol&#xF3;gico cr&#xED;tico / Manuela Rodr&#xED;guez Fern&#xE1;ndez Marta F&#xE9;lez Vidal -- Paciente neuroquir&#xFA;rgico / Roser Garcia Armengol -- El traumatismo craneoencef&#xE1;lico / Manuela Rodr&#xED;guez Fern&#xE1;ndez. Miguel &#xC1;ngel Arruego Minguill&#xF3;n. Marta F&#xE9;lez Vidal -- T&#xE9;cnicas continuas de reemplazamiento renal / Patr&#xED;cia Ortiz Ballujera. Cristina Pedr&#xF3;s Mas. Concepci&#xF3; Fuentes Pumarola -- Cuidados de enfermer&#xED;a de un enfermo con t&#xE9;cnicas continuas de reemplazamiento renal / Concepci&#xF3; Fuentes Pumarola / Patr&#xED;cia Ortiz Ballujera. Cristina Pedr&#xF3;s Mas -- Donaci&#xF3;n de &#xF3;rganos y tejidos en las Unidades de Cuidados Intensivos / N&#xFA;ria Masnou Burrall&#xF3;. Carme Maj&#xF3; Rovira -- El transporte del enfermo cr&#xED;tico / Ma Teresa Camps Daus&#xE0;. Juan Carlos Palacio Palacio -- Fisiopatolog&#xED;a del transporte sanitario / Juan Carlos Palacio Palacio. M. Teresa Camps i Daus&#xE0; -- Bio&#xE9;tica en Cuidados Intensivos / Llu&#xED;s Cabr&#xE9; Pericas -- Atenci&#xF3;n a las familias del paciente cr&#xED;tico / N&#xFA;ria Masnou Burrall&#xF3; -- Metodolog&#xED;a cuantitativa / M. Eugenia Gras P&#xE9;rez -- Metodolog&#xED;a cualitativa / M&#xF2;nica Cunill Olivas -- Gesti&#xF3;n y control de calidad en los cuidados del enfermo cr&#xED;tico / Alfons Bonet Saris. Concepci&#xF3; Fuentes Pumarola -- Escalas de valoraci&#xF3;n de cargas de trabajo de enfermer&#xED;a en el enfermo cr&#xED;tico / Concepci&#xF3; Fuentes Pumarola. Alfons Bonet Saris.</subfield>
  </datafield>
  <datafield tag="588" ind1="0" ind2=" ">
    <subfield code="a">Online resource; title from ePub and PDF title page (Digitalia, viewed October 6, 2014)</subfield>
  </datafield>
  <datafield tag="650" ind1=" " ind2="0">
    <subfield code="a">Nursing Care. </subfield>
  </datafield>
  <datafield tag="650" ind1=" " ind2="0">
    <subfield code="a">Intensive Care. </subfield>
  </datafield>
  <datafield tag="655" ind1=" " ind2="0">
    <subfield code="a">Electronic books.</subfield>
  </datafield>
  <datafield tag="700" ind1="1" ind2=" ">
    <subfield code="a">Fuentes Pumarola, Concepci&#xF3;,</subfield>
    <subfield code="e">editor.</subfield>
  </datafield>
  <datafield tag="700" ind1="1" ind2=" ">
    <subfield code="a">Bonet Saris, Alfons,</subfield>
    <subfield code="e">editor.</subfield>
  </datafield>
  <datafield tag="700" ind1="1" ind2=" ">
    <subfield code="a">Sirvent, Josep-Maria,</subfield>
    <subfield code="e">editor.</subfield>
  </datafield>
  <datafield tag="700" ind1="1" ind2=" ">
    <subfield code="a">Brugada Motj&#xE9;, Neus,</subfield>
    <subfield code="e">editor.</subfield>
  </datafield>
  <datafield tag="791" ind1="2" ind2=" ">
    <subfield code="a">Digitalia (Firm),</subfield>
    <subfield code="e">distributor.</subfield>
  </datafield>
  <datafield tag="793" ind1="0" ind2=" ">
    <subfield code="g">Digitalia eBook Collection:</subfield>
    <subfield code="a">Documenta Universitaria</subfield>
  </datafield>
  <datafield tag="776" ind1="0" ind2="8">
    <subfield code="i">Print version:</subfield>
    <subfield code="t">Manual de enfermer&#xED;a intensiva.</subfield>
    <subfield code="d">Girona : Documenta Universitaria, 2012</subfield>
    <subfield code="z">9788499841489.</subfield>
  </datafield>
  <datafield tag="856" ind1="4" ind2="0">
    <subfield code="3">Digitalia Hisp&#xE1;nica</subfield>
    <subfield code="u">https://www.digitaliapublishing.com/a/21071/</subfield>
  </datafield>
  <datafield tag="910" ind1=" " ind2=" ">
    <subfield code="a">Premium Collection: 2014</subfield>
  </datafield>
  <datafield tag="942" ind1=" " ind2=" ">
    <subfield code="c">RAA</subfield>
  </datafield>
  <datafield tag="952" ind1=" " ind2=" ">
    <subfield code="0">0</subfield>
    <subfield code="1">0</subfield>
    <subfield code="4">0</subfield>
    <subfield code="7">0</subfield>
    <subfield code="8">DEH</subfield>
    <subfield code="a">BD-UIN</subfield>
    <subfield code="b">BD-UIN</subfield>
    <subfield code="d">2025-04-25</subfield>
    <subfield code="l">0</subfield>
    <subfield code="r">2025-04-25</subfield>
    <subfield code="w">2025-04-25</subfield>
    <subfield code="y">RAA</subfield>
  </datafield>
  <datafield tag="999" ind1=" " ind2=" ">
    <subfield code="c">237302</subfield>
    <subfield code="d">237302</subfield>
  </datafield>
</record>
